Etnicidades urbanas en las Américas : proceso de inserción, discriminación y políticas multiculturales /

Salvato in:
Dettagli Bibliografici
Ente Autore: Coloquio Internacional Etnicidades Urbanas en las Américas: Migraciones, Relaciones Interétnicas y Etnicidad ( Monterrey, México)
Altri autori: Durin, Séverine (coordinación) (coordinación)
Natura: Atti del Convegno Libro
Lingua:spagnolo
Pubblicazione: México : Monterrey, México : CIESAS ; Instituto Tecnológico y de Estudios Superiores de Monterrey, Escuela de Graduados en Administración Pública y Política Pública, 2010, c2010
Serie:(Publicaciones de la Casa Chata)
Soggetti:
Tags: Aggiungi Tag
Nessun Tag, puoi essere il primo ad aggiungerne!!

MARC

LEADER 00000nam^a2200000^a^4500
001 000318594
005 20250521000000.0
009 20260310113416.942
020 |a 978-607-486-098-6 
037 |a Acervo ITESO - Biblioteca 
041 |a ESP 
082 |a 306. 08997  |b COL 2007 
111 |a Coloquio Internacional Etnicidades Urbanas en las Américas: Migraciones, Relaciones Interétnicas y Etnicidad (  |d 2007 :  |c Monterrey, México) 
245 1 0 |a Etnicidades urbanas en las Américas :  |b proceso de inserción, discriminación y políticas multiculturales /  |c Coord. de S. Durin. 
264 4 |a México :  |b CIESAS ;  |a Monterrey, México :  |b Instituto Tecnológico y de Estudios Superiores de Monterrey, Escuela de Graduados en Administración Pública y Política Pública,  |c 2010, c2010 
300 |a 374 p. 
336 |a texto  |b txt  |2 rdacontenido 
337 |a sin mediación  |b n  |2 rdamedio 
338 |a volumen  |b nc  |2 rdasoporte 
440 1 |a (Publicaciones de la Casa Chata) 
649 |a XX 
650 |a Indígenas -  |x Condiciones Sociales y Culturales 
650 |a Migrantes -  |z Latinoamérica -  |x Condiciones Sociales y Culturales 
650 |a Minorías -  |z Latinoamérica -  |x Condiciones Sociales y Culturales 
650 |a Marginados Sociales -  |z Latinoamérica -  |x Condiciones Sociales y Culturales 
650 |a Coreanos en Latinoamérica -  |x Condiciones Sociales y Culturales 
650 |a Negros en Latinoamérica -  |x Condiciones Sociales y Culturales 
650 |a Migración Rural-Urbana -  |z Latinoamérica 
650 |a Emigración -  |z Latinoamérica 
650 |a Racismo -  |z Latinoamérica 
650 |a Identidad Cultural -  |z Latinoamérica 
650 |a Diversidad Cultural -  |z Latinoamérica 
650 |a Inserción y Reinserción Laboral -  |z Latinoamérica 
650 |a Integración Social -  |z Latinoamérica 
650 |a Pertenencia Social -  |z Latinoamérica 
650 |a Política Indigenista -  |z Latinoamérica 
650 |a Política Social -  |z Latinoamérica 
650 |a Políticas Públicas -  |z Latinoamérica 
650 |a Sociología Urbana 
650 |a Antropología Cultural 
700 |a Durin, Séverine  |e (coordinación) 
910 |a Fondo General 
920 |a Impresos - Libros 
930 |a Colección General 
905 |a 101 
901 |a 0500205648  |b IT1  |c ACC  |i C129317  |u 20250521 
902 |a https://opac.biblio.iteso.mx/vufind/Record/000318594